000 00450nam a22001457a 4500
008 160805b xxu||||| |||| 00| 0 eng d
020 _a9780534583507
050 _aBF 441.E6 2006
100 _aEpsten, Richard L.
_d2006
245 _aWorkbook for critical thinking /
_cRichard L.Epsten
250 _a3rd ed.
260 _aSpain;
_bWadsworh cengage learning,
_c2006.
300 _a471 p. :ill.
942 _2lcc
_cBOOKS
_hBF 441.E6 2006
999 _c12586
_d12586